Wyjściowa 11 Reprezentacji Francji z finału Euro 2000 - Statystyki

Ogólne statystyki
  • Ten quiz został rozwiązany 62 razy
  • Średni wynik to 6 z 11
Statystyki odpowiedzi
Pozycja/Position Zawodnik/Player % Poprawnych
Pomocnik/Midfielder Zinedine Zidane
97%
Lewy Skrzydłowy/Left Wing Thierry Henry
90%
Bramkarz/Goalkeeper Fabien Barthez
77%
Obrońca/Defender Lilian Thuram
63%
Pomocnik/Midfielder Didier Deschamps
60%
Obrońca/Defender Laurent Blanc
53%
Obrońca/Defender Marcel Desailly
53%
Obrońca/Defender Bixente Lizarazu
47%
Pomocnik/Midfielder Patrick Vieira
43%
Prawy Skrzydłowy/Right Wing Youri Djorkaeff
33%
Napastnik/Striker Christophe Dugarry
17%
Nie znaleziono quizów pasujących do podanych kryteriów
Rozkład punktacji
Procent ludzi z każdym wynikiem
Percentyl według liczby udzielonych odpowiedzi
Twoja historia wyników
Nie rozwiązałeś tego quizu